|
|
|
|
| LEADER |
00000nab a2200000 a 4500 |
| 001 |
vtls000093285 |
| 003 |
SK-MaSNL |
| 005 |
20260304070003.0 |
| 008 |
250422c1981 xo 0 slo |
| 015 |
|
|
|a SNBRB19rr/mm-uuuuu
|
| 035 |
|
|
|a CL0103388
|
| 035 |
|
|
|a urn:nbn:sk:snk-abdkvo
|
| 035 |
|
|
|a (urnnbn)urn:nbn:sk:snk:ar-003gmf
|
| 035 |
|
|
|a (uuid)d0d060c0-7193-4d5f-9a2f-981b84dceb21
|
| 040 |
|
|
|a SNKBUCL
|b slo
|c SNKBUCL
|e AACR2
|
| 041 |
0 |
|
|a slo
|
| 044 |
|
|
|a xo
|c SK
|
| 080 |
|
|
|a 638.1
|2 1981
|
| 100 |
1 |
|
|a Haragsim, Oldřich,
|d 1928-2008
|4 aut
|9 167434
|
| 245 |
1 |
0 |
|a Odovzdanie poznatkov výskumu včelárskej praxi
|b Roztoče včelích úľov
|c Oldřich Haragsim
|
| 300 |
|
|
|b Obr. 5.
|
| 650 |
0 |
7 |
|a včela medonosná
|2 snkbucl
|9 25170
|
| 650 |
0 |
7 |
|a škodcovia včiel
|2 snkbucl
|9 1347661
|
| 650 |
0 |
7 |
|a roztočec
|2 snkbucl
|9 26293
|
| 655 |
|
7 |
|a články z novín a časopisov
|2 snkbucl
|9 267496
|
| 773 |
0 |
|
|t Včelár
|g Roč. 55, č. 5 (1981), s. 102-103
|
| 850 |
|
|
|a Slovenská národná knižnica
|
| 852 |
|
|
|a Slovenská národná knižnica
|
| 954 |
|
|
|a odborná, vedecká literatúra pôvodná (slovenská)
|2 lita
|
| 958 |
|
|
|a article19
|
| 958 |
|
|
|a OND
|
| 958 |
|
|
|a RK
|
| 958 |
|
|
|a EUIPO
|
| 992 |
|
|
|a RBX
|
| 999 |
|
|
|c 2753521
|d 2755451
|